000 01406namaa22003251i 4500
005 20260422132322.0
008 260422s1995 ua a|||frm||| 000 0 eng d
040 _aEG-GICUC
_beng
_cEG-GICUC
_dEG-GICUC
_erda
041 0 _aeng
_beng
_bara
049 _aDeposite
097 _aM.Sc
099 _aCai01.11.24/28.M.Sc.1995.Je.C.
100 0 _aJehan Ahmed Sami Khalil,
_epreparation.
245 1 0 _aCardiac Manifestions In Chronic Chest Problems With Echo Findings /
_cBy Jehan Ahmed Sami Khalil; Under Supervision Of Prof. Dr. Samiha Samuel Wissa, Dr. Hala Hussein Abd EL-aal, Dr. Nadia Kotb.
246 1 5 _aالاعراض القلبيه للامراض الصدرية المزمنة مع نتائج الاشعة فوق الصوتيه /
264 0 _c1995.
300 _a149 pages :
_billustrations ;
_c30 cm. +
336 _2rda content
_atext
337 _2rdamedia
_aUnmediated
338 _2rdacarrier
_avolume
502 _aThesis (M.Sc.) -Cairo University, 1995.
504 _aBibliography: pages 135-149.
653 0 _aPediatrics
700 0 _aSamiha Samuel Wissa
_ethesis advisor.
700 0 _aHala Hussein Abd EL-aal
_ethesis advisor.
700 0 _aNadia Kotb
_ethesis advisor.
900 _DDepartment of Pediatrics
_FFaculty of Medicine
_UCairo University
_b1995
_cSamiha Samuel Wissa
_cHala Hussein Abd EL-aal
_cNadia Kotb
905 _aEman El gebaly
942 _2ddc
_cTH
_e21
_n0
999 _c179673